[Event "Wch U12 blitz"]
[Site "Batumi"]
[Date "2023.06.10"]
[Round "6"]
[White "Dauren, Darmen"]
[Black "Maghakyan, Hayk"]
[Result "1-0"]
[WhiteElo "1843"]
[BlackElo "1435"]
[PlyCount "133"]
[EventDate "2023.06.10"]
[EventType "swiss (blitz)"]
[EventRounds "11"]
[EventCountry "GEO"]
[SourceTitle "EXT 2024"]
[Source "ChessBase"]
[SourceDate "2023.10.10"]
[SourceVersion "1"]
[SourceVersionDate "2023.10.10"]
[SourceQuality "1"]
[WhiteTeam "Kazakhstan"]
[BlackTeam "Armenia"]
[WhiteTeamCountry "KAZ"]
[BlackTeamCountry "ARM"]

1. d4 d5 2. Bf4 Nf6 3. e3 Bf5 4. Bd3 Bxd3 5. Qxd3 e6 6. Nf3 Be7 7. h3 0-0 8. Nbd2 c5 9. c3 Nc6 10. 0-0 Rc8 11. Ne5 Nxe5 12. Bxe5 cxd4 13. exd4 Bd6 14. Bxf6 Qxf6 15. Nf3 a6 16. Rfe1 h6 17. Ne5 Bxe5 18. Rxe5 Rc4 19. Rf1 Rfc8 20. f4 g6 21. g4 Kh8 22. f5 gxf5 23. gxf5 Qg5+ 24. Kh2 Rg8 25. Qf3 Qd2+ 26. Re2 Qg5 27. fxe6 fxe6 28. Rxe6 Rc6 29. Qf6+ Qxf6 30. Rfxf6 Rxe6 31. Rxe6 Rf8 32. Rxh6+ Kg7 33. Rb6 Rf2+ 34. Kg3 Rf7 35. Rd6 Rf5 36. Rd7+ Kh6 37. Rxb7 Rg5+ 38. Kh2 Rf5 39. Kg2 Rg5+ 40. Kf3 Rf5+ 41. Ke2 Rg5 42. Kd3 Rg3+ 43. Kc2 Rxh3 44. Rb6+ Kg5 45. Rd6 Kf4 46. Rxd5 Rh6 47. b4 Ke3 48. Re5+ Kf4 49. Kb3 Rh1 50. a4 Rb1+ 51. Kc4 Ra1 52. a5 Rb1 53. Re6 Rc1 54. Rxa6 Ke3 55. Rc6 Kd2 56. Kb5 Kd3 57. d5 Rh1 58. d6 Rh7 59. c4 Kd4 60. c5 Kd5 61. a6 Ra7 62. Rc7 Ra8 63. a7 Rh8 64. d7 Ke6 65. Rc8 Kxd7 66. Rxh8 Kc7 67. a8Q 1-0